Concio synodica ad clervm Anglicanvm, ex provinciâ præsertim Cantuariensi, in Æde Paulinâ Londinensi habita VIII. Idus Maias MDCLXI /

Bibliographic Details
Main Author: Pierce, Thomas, 1622-1691
Format: eBook
Language:Latin
Published: Londini : Typis R. Nortoni, Impensis Timoth. Garthwait, 1661.
Series:Early English books online.
Subjects:
Online Access:Connect to the full text of this electronic book

MARC

Tag First Indicator Second Indicator Subfields
LEADER 00000nam a2200000Ia 4500
001 in00004245613
005 20200807093132.0
006 m g d
007 cr bn |||a|bb|
008 850402s1661 enk o 00| | lat d
035 |a (OCoLC)11877110 
040 |a EAA  |c EAA  |d m/c  |d WaOLN 
037 |a CL0037000014  |b ProQuest Information and Learning. 300 N. Zeeb Rd., Ann Arbor, MI 48106 
049 |a UMIA 
100 1 |a Pierce, Thomas,  |d 1622-1691. 
245 1 0 |a Concio synodica ad clervm Anglicanvm, ex provinciâ præsertim Cantuariensi, in Æde Paulinâ Londinensi habita VIII. Idus Maias MDCLXI /  |c per Thomam Pierce. 
260 |a Londini :  |b Typis R. Nortoni, Impensis Timoth. Garthwait,  |c 1661. 
300 |a 1 online resource ([4], 47 pages) 
336 |a text  |b txt  |2 rdacontent 
337 |a computer  |b c  |2 rdamedia 
338 |a online resource  |b cr  |2 rdacarrier 
500 |a Reproduction of original in Huntington Library. 
510 4 |a Wing  |c P2169 
533 |a Electronic reproduction.  |b Ann Arbor, Mich. :  |c UMI,  |d 1999-  |f (Early English books online)  |n Digital version of: (Early English books, 1641-1700 ; 505:10)  |7 s1999 miun s 
630 0 0 |a Bible.  |p N.T.  |p Acts XV, 28  |v Sermons. 
650 0 |a Sermons, English  |y 17th century. 
830 0 |a Early English books online. 
856 4 0 |u http://proxy.library.tamu.edu/login?url=https://search.proquest.com/docview/2240912007  |z Connect to the full text of this electronic book  |t 0 
999 f f |s e4e0c887-998f-3408-97f8-3b0cb41b364b  |i 092af892-e736-3f2c-beff-23b8127ff102  |t 0 
952 f f |a Texas A&M University  |b College Station  |c Electronic Resources  |d Available Online  |t 0  |h No information provided 
998 f f |t 0  |l Available Online